Nociones de Derecho.

Gespeichert in:
Bibliographische Detailangaben
1. Verfasser: Fernández Ascarza, Victoriano. Autor, Profesor
Format: keine Angabe
Sprache:Spanisch
Erschienen: Madrid Magisterio Español 1929
Ausgabe:21ª
Katalog:MANES:  Suchergebnis im Bibliothekskatalog
Schulbuchspezifische Eigenschaften:
Schriftenreihe:Curso completo de 1ª Enseñanza
Tags: Tag hinzufügen
Keine Tags, Fügen Sie den ersten Tag hinzu!
Hinzugefügt zu:26.04.2016
Geändert in:07.05.2025

MARC

LEADER 000000000a22000000004500
001 11902
003 OSt
005 20250507133337.0
008 160427s sp ||||| |||| 00| 0 spa d
040 |c centro_manes 
041 1 |a spa 
561 |5 es-CICE  |a España. Centro Internacional de la Cultura Escolar  |k MANES 
691 0 |a PRI 
100 1 |a Fernández Ascarza, Victoriano. Autor, Profesor  |9 6963 
245 0 0 |a Nociones de Derecho. 
250 |a 21ª 
260 3 |a Madrid  |b Magisterio Español  |c 1929 
300 |a 32 p.  |c 17,5 x 12 cm 
440 |a Curso completo de 1ª Enseñanza  |9 2704 
690 0 |a ECS 
942 |2 ddc  |c BK 
546 |a España 
999 |c 17876  |d 17876 
999 |c manes:17876  |d 17876